000 00835cam a2200241Ia 4500
008
020 _a9781848138070 (pbk.)
049 _aMAIN
090 _aHD9577.N52
_bOIL
245 0 0 _aOil and insurgency in the Niger Delta :
_bmanaging the complex politics of petro-violence /
_cedited by Cyril Obi and Siri Aas Rustad.
260 _aLondon :
_bZed Books,
_cc2011.
300 _aix, 255 p. :
_bill., maps ;
_c24 cm.
490 1 _aAfrica now.
650 0 _aPetroleum industry and trade
_xPolitical aspects
_zNigeria
_zNiger River Delta.
650 0 _aInsurgency
_zNigeria
_zNiger River Delta.
700 1 _aObi, C. I.
700 1 _aRustad, Siri Aas.
907 _a.b10337908
_b13-01-14
_c18-11-13
003
005 20230123122042.0
040 _cNUST
942 _cBOOKS
_kHD9577.N52
_mOIL
999 _c126966
_d126966